Statistiken für Musiker aus Vorarlberg

Klicken Sie hier um das Quiz zu spielen!

Allgemein

  • Dieses Quiz wurde 7 mal gespielt
  • Das Durchschnittsergebnis liegt bei 3 aus 15

Antwortstatistiken

SongsMusiker/Band% Korrekt
Vo Mello bis ge Schoppornou | What Happened to the Edelweiß I Gave You Last Night?Holstuonarmusigbigbandclub
57%
Hal-le-luj-a | Gott schütze die FrauenKlostertaler
57%
Ghörig | V-StylePenetrante Sorte
57%
Weil’s dr guat got | Love Me Pretty WomanGeorge Nussbaumer
43%
One To Make Her Happy | Electronic LadyMarque
29%
Herzen haben keine Fenster | Mozartgasse 10Elfi Graf
14%
Oho Vorarlberg | Some Girls Are LadiesReinhold Bilgeri
14%
Hoamatle | You've Got A FriendAja & Toni Eberle
0%
No One's Fool | MuntafuFalco Luneau
0%
Heute in Jerusalem | Es ist alles gutIna Wolf (Christina Simon)
0%
Der Teddy Eddy Song | Allez HoppIngrid Hofer
0%
Wunderwelt | Zeig mir den Weg zu den Sternen Klaus Pruenster
0%
Uma kumma | I wär so gern a AmerikanerSchellinski
0%
Such a Happy Day | Can’t Stand the RainThe Monroes
0%
Crossing Jordan | Retracing MemoriesThe Sorrow
0%

Verteilung der Resultate

Perzentil nach korrekt beantworteten Fragen

Anzahl Personen mit jedem Resultat

Ihre Resultats-Entwicklung

Sie haben dieses Quiz noch nicht gespielt